000 00824nam a22003017a 4500
001 0024885
003 KOHA_MİRAKIL
005 20260207002452.0
007 ta
008 101126b1992 us |||gr||||#0|||1|eng |
020 _a0194216470
040 _aTR-BiSEU
_btur
_cTR-BiSEU
_erda
041 0 _aeng
044 _cus
050 _aPE1128.B38
_bI54 1992
100 1 _aBates, H.E..
245 1 _aGo, lovely rose/
_cH.E. Bates ; H.E. Bates.
250 _a 4th ed.
264 1 _aOxford :
_bOxford University
_c1992
300 _a58 page: illustretions; 20 cm.
336 _ametin
_btxt
_2rdacontent
337 _aaracısız
_bn
_2rdamedia
338 _acilt
_bnc
_2rdacarrier
650 0 _aEnglish language--Study and teaching
_940817
650 0 _aReaders--Stage 3
_950467
907 _aDil
942 _2lcc
_cBK
999 _c24835
_d24835